| 000 | 00593nam a2200217 a 4500 | ||
|---|---|---|---|
| 001 | 0001-2039 | ||
| 003 | ELIB.Books | ||
| 008 | 190705 2010 eng | ||
| 020 | _aKBTS | ||
| 092 |
_a305.4 _bHan |
||
| 100 | _aHansen, Karen V. | ||
| 245 | _aWomen, Class, and the Feminist Imagination | ||
| 260 |
_aPhiladelphia _bTemple University Press _c1990 |
||
| 300 |
_a25088, 6624 _c20.4 cm |
||
| 650 | _aFaminism | ||
| 856 |
_nKBTS Library _uKBTS Elib |
||
| 942 |
_2ddc _cBK |
||
| 990 | _a4 | ||
| 998 |
_aEnglishbooks.elf _ccat _e2019-07-05 _mcat _u2019-08-06 |
||
| 999 |
_c12039 _d12039 |
||